ბათუმის შოთა რუსთაველის სახელმწიფო უნივერსიტეტის ბიბლიოთეკა

Cuttinc EDCE. Pre-intermediate : (ბიბ.ჩანაწერი № 36265)

000 -LEADER
fixed length control field 00682nam a2200229Ia 4500
001 - CONTROL NUMBER
control field 2172
003 - CONTROL NUMBER IDENTIFIER
control field GE_BSU
005 - DATE AND TIME OF LATEST TRANSACTION
control field 20221024163543.0
008 - FIXED-LENGTH DATA ELEMENTS--GENERAL INFORMATION
fixed length control field 181216s2005en xx |||||||||||||| ||eng||
040 ## - CATALOGING SOURCE
Transcribing agency GE_BSU
041 ## - LANGUAGE CODE
Language code of text/sound track or separate title eng
080 ## - UNIVERSAL DECIMAL CLASSIFICATION NUMBER
Universal Decimal Classification number 811.111(075.8) C-94
100 ## - MAIN ENTRY--PERSONAL NAME
Personal name Carr Jane Comyns.
9 (RLIN) 1637
245 ## - TITLE STATEMENT
Title Cuttinc EDCE. Pre-intermediate :
Remainder of title Woorbook /
Statement of responsibility, etc. Jane Comyns Carr, Sarah Cuggigham, Peter moor.
264 ## - PRODUCTION, PUBLICATION, DISTRIBUTION, MANUFACTURE, AND COPYRIGHT NOTICE
Place of production, publication, distribution, manufacture Edinburgh,
Date of production, publication, distribution, manufacture, or copyright notice 2005.
300 ## - PHYSICAL DESCRIPTION
Extent 111 p.:
Other physical details 28 cm.
653 ## - INDEX TERM--UNCONTROLLED
keyword Cuttinc EDCE. Pre-intermediate.Woorbook.
653 ## - INDEX TERM--UNCONTROLLED
keyword ინგლისური ენა
700 ## - ADDED ENTRY--PERSONAL NAME
Personal name Cuggigham, Sarah
9 (RLIN) 15496
700 ## - ADDED ENTRY--PERSONAL NAME
Personal name Moor,Peter
9 (RLIN) 15497
942 ## - ADDED ENTRY ELEMENTS (KOHA)
Koha item type წიგნი
Source of classification or shelving scheme
ეგზემპლარები
Withdrawn status Lost status Source of classification or shelving scheme Damaged status Not for loan Permanent Location Current Location Shelving location Date acquired Cost, normal purchase price Full call number Barcode Date last seen Copy number Price effective from Koha item type Public note
          ბათუმის შოთა რუსთაველის სახელმწიფო უნივერსიტეტის მთავარი ბიბლიოთეკა ბათუმის შოთა რუსთაველის სახელმწიფო უნივერსიტეტის მთავარი ბიბლიოთეკა წიგნსაცავი 2018-12-17 7.00 811.111(075.8) A-18 4385 2018-12-17 4385 2018-12-17 წიგნი 7.00